Logo BPK

Biblioteka

Politechniki Koszalińskiej

Projektowanie środowiskowych procesorów energii / (Rekord nr 37940)

Szczegóły MARC
000 -ETYKIETA REKORDU
podpole kontrolne o stałej długości 00818nam a2200241 i 4500
001 - NUMER KONTROLNY REKORDU
pole kontrolne bg
020 ## - MIĘDZYNARODOWY ZNORMALIZOWANY NUMER KSIĄŻKI - ISBN
ISBN 8387274372
040 ## - ŹRÓDŁO KATALOGOWANIA
Instytucja, która utworzyła rekord BPK
041 0# - KOD JĘZYKA
Kod języka tekstu pl
080 ## - UNIWERSALNA KLASYFIKACJA DZIESIĘTNA - UKD
UKD 621.31.001.13/.14:504.05
920 ## - Międzynarodowy znormalizowany numer książki – ISBN
ISBN 83-87274-37-2
008 - POLE O STAŁEJ DŁUGOŚCI - DANE KONTROLNE
podpole kontrolne o stałej długości s pl f |000 0 pol
100 1# - NAZWA OSOBOWA
Nazwa osobowa Flizikowski, Józef
Daty związane z nazwą (1951- ).
245 10 - TYTUŁ/ODPOWIEDZIALNOŚĆ
Tytuł Projektowanie środowiskowych procesorów energii /
Pozostałe elementy strefy tytułu i oznaczenia odpowiedzialności Józef Flizikowski, Kazimierz Bieliński ; [Lucent Technologies. Bell Labs Innovations].
260 ## - STREFA ADRESU WYDAWNICZEGO
Miejsce wydania Bydgoszcz :
Nazwa wydawcy/dystrybutora Wydawnictwa Uczelniane Akademii Techniczno-Rolniczej,
Data publikacji, dystrybucji/powstania dokumentu 2000.
300 ## - STREFA OPISU FIZYCZNEGO
Objętość 327 s. :
Inne cechy fizyczne il. (w tym kolor.), mapy ;
Rozmiary 24 cm.
504 ## - UWAGA DOTYCZĄCA BIBLIOGRAFII
Informacje o bibliografii Bibliogr.
650 #9 - HASŁO PRZEDMIOTOWE W FORMIE NAZWY OGÓLNEJ LUB JEDNOSTKOWEJ
Nazwa ogólna lub geograficzna Energetyka
Określnik ogólny higiena
650 #9 - HASŁO PRZEDMIOTOWE W FORMIE NAZWY OGÓLNEJ LUB JEDNOSTKOWEJ
Nazwa ogólna lub geograficzna Energetyka
Określnik ogólny projekty
650 #9 - HASŁO PRZEDMIOTOWE W FORMIE NAZWY OGÓLNEJ LUB JEDNOSTKOWEJ
Nazwa ogólna lub geograficzna Technologie czyste
700 1# - HASŁO DODATKOWE - NAZWA OSOBOWA
Nazwa osobowa Bieliński, Kazimierz
Daty związane z nazwą (1955- ).
856 ## - LOKALIZACJA I DOSTĘP DO ELEKTRONICZNYCH DOKUMENTÓW ZDALNYCH
Link (URL) http://koha.tu.koszalin.pl/cgi-bin/koha/opac-detail.pl?biblionumber=37940
Tekst linku Katalog online BPK
942 ## - DODATKOWE ELEMENTY (KOHA)
Typ dokumentu Książka
Egzemplarze
Wycofany Status egzemplarza Uszkodzony Dostępność Lokalizacja stała Lokalizacja bieżąca Miejsce przechowywania Sygnatura Kod kreskowy Typ dokumentu
      Dostępny Biblioteka Politechniki Koszalińskiej Biblioteka Politechniki Koszalińskiej Wypożyczalnia BG 54346 01508017 Książka
© 2023 Biblioteka Politechniki Koszalińskiej :: KOHA